Further ahead : a communication skills course for business english /

Guardado en:
Autor Principal: Jones Macziola, Sarah
Formato: Libro
Publicado: Cambridge : Cambridge University press, 1999
Materias:
Etiquetas: Agregar Etiqueta
Sin Etiquetas, Sea el primero en etiquetar este registro!
LEADER 00533nam a22001695a 4500
001 CEM.cems012199
005 20060817211743.0
008 130507s1999##################000#0#####d
003 CEMS
020 |a 0521597838 
082 0 4 |a 428.64 
100 1 |a Jones Macziola, Sarah 
245 1 0 |a Further ahead :  |b a communication skills course for business english /  |c Home Study Book / 
260 |a Cambridge :  |b  Cambridge University press,  |c 1999 
300 |a 76 p. 
653 |a Inglés 
859 |a CEMS  |b BIB. CEMS - 11 de abril  |h 428.64  |i J72-4  |p 23403.06  |t Ej.1